To the lighthouse / (Record no. 186078)
[ view plain ]
| 000 -LEADER | |
|---|---|
| fixed length control field | 01073 a2200325 4500 |
| 003 - CONTROL NUMBER IDENTIFIER | |
| control field | Nust |
| 005 - DATE AND TIME OF LATEST TRANSACTION | |
| control field | 20230127130422.0 |
| 010 ## - LIBRARY OF CONGRESS CONTROL NUMBER | |
| LC control number | 89026838 |
| 020 ## - INTERNATIONAL STANDARD BOOK NUMBER | |
| International Standard Book Number | 0151907374 : |
| 040 ## - CATALOGING SOURCE | |
| Transcribing agency | Nust |
| 082 00 - DEWEY DECIMAL CLASSIFICATION NUMBER | |
| Classification number | 823.9,WOO |
| 100 1# - MAIN ENTRY--PERSONAL NAME | |
| Personal name | Woolf, Virginia, |
| 9 (RLIN) | 45963 |
| 245 10 - TITLE STATEMENT | |
| Title | To the lighthouse / |
| Statement of responsibility, etc. | Virginia Woolf. |
| 260 ## - PUBLICATION, DISTRIBUTION, ETC. | |
| Place of publication, distribution, etc. | San Diego : |
| Name of publisher, distributor, etc. | Harcourt Brace Jovanovich, |
| Date of publication, distribution, etc. | 1990. |
| 300 ## - PHYSICAL DESCRIPTION | |
| Extent | 306 p. ; |
| Dimensions | 22 cm. |
| 440 #3 - SERIES STATEMENT/ADDED ENTRY--TITLE | |
| Title | An HBJ modern classic |
| 9 (RLIN) | 107913 |
| 650 #0 - SUBJECT ADDED ENTRY--TOPICAL TERM | |
| Topical term or geographic name entry element | English |
| Geographic subdivision | Scotland |
| 9 (RLIN) | 107914 |
| 650 #0 - SUBJECT ADDED ENTRY--TOPICAL TERM | |
| Topical term or geographic name entry element | Lighthouses |
| 9 (RLIN) | 107915 |
| 650 #0 - SUBJECT ADDED ENTRY--TOPICAL TERM | |
| Topical term or geographic name entry element | Loss (Psychology) |
| 9 (RLIN) | 46155 |
| 650 #0 - SUBJECT ADDED ENTRY--TOPICAL TERM | |
| Topical term or geographic name entry element | Married people |
| 9 (RLIN) | 107916 |
| 650 #0 - SUBJECT ADDED ENTRY--TOPICAL TERM | |
| Topical term or geographic name entry element | Mothers |
| General subdivision | Death |
| 9 (RLIN) | 107917 |
| 650 #0 - SUBJECT ADDED ENTRY--TOPICAL TERM | |
| Topical term or geographic name entry element | Summer resorts |
| 9 (RLIN) | 107918 |
| 650 #0 - SUBJECT ADDED ENTRY--TOPICAL TERM | |
| Topical term or geographic name entry element | Widowers |
| 9 (RLIN) | 107919 |
| 651 #0 - SUBJECT ADDED ENTRY--GEOGRAPHIC NAME | |
| Geographic name | Skye, Island of (Scotland) |
| 9 (RLIN) | 107920 |
| 655 #7 - INDEX TERM--GENRE/FORM | |
| Genre/form data or focus term | Domestic fiction. |
| 655 #7 - INDEX TERM--GENRE/FORM | |
| Genre/form data or focus term | Psychological fiction. |
| 856 42 - ELECTRONIC LOCATION AND ACCESS | |
| Materials specified | Contributor biographical information |
| Uniform Resource Identifier | <a href="http://www.loc.gov/catdir/enhancements/fy1003/89026838-b.html">http://www.loc.gov/catdir/enhancements/fy1003/89026838-b.html</a> |
| 856 42 - ELECTRONIC LOCATION AND ACCESS | |
| Materials specified | Publisher description |
| Uniform Resource Identifier | <a href="http://www.loc.gov/catdir/description/har031/89026838.html">http://www.loc.gov/catdir/description/har031/89026838.html</a> |
| 942 ## - ADDED ENTRY ELEMENTS (KOHA) | |
| Source of classification or shelving scheme | |
| Koha item type | Book |
| Withdrawn status | Lost status | Source of classification or shelving scheme | Damaged status | Not for loan | Permanent Location | Current Location | Shelving location | Date acquired | Full call number | Barcode | Date last seen | Price effective from | Koha item type | Public note |
|---|---|---|---|---|---|---|---|---|---|---|---|---|---|---|
| Military College of Signals (MCS) | Military College of Signals (MCS) | General Stacks | 12/12/2016 | 823.9,WOO | MCS33482 | 12/08/2016 | 12/12/2016 | Book | Almirah No.58, Shelf No.1 |
